|
|
|
|
| LEADER |
01581nam a22003494a 4500 |
| 001 |
36190 |
| 003 |
BD-DhAAL |
| 005 |
20211201101401.0 |
| 008 |
191107t2004 caua b 001 0 eng |
| 999 |
|
|
|c 41776
|d 41776
|
| 010 |
|
|
|a 2003010240
|
| 020 |
|
|
|a 0761931236 (pbk.)
|
| 020 |
|
|
|a 9780761931232
|
| 040 |
|
|
|a DLC
|c DLC
|d DLC
|d BD-DhAAL
|
| 042 |
|
|
|a pcc
|
| 050 |
0 |
0 |
|a LB3051
|b .T564 2004
|
| 082 |
0 |
0 |
|a 371.26
|2 21
|
| 100 |
1 |
|
|a Tileston, Donna Walker.
|9 36877
|
| 245 |
1 |
0 |
|a What every teacher should know about student assessment /
|c Donna Walker Tileston.
|
| 260 |
|
|
|a Thousand Oaks, Calif. :
|b Corwin Press,
|c c2004.
|
| 300 |
|
|
|a xix, 112 pages :
|b illustrations ;
|c 23 cm.
|
| 490 |
1 |
|
|a What every teacher should know about--
|
| 504 |
|
|
|a Includes bibliographical references (pages 107) and index.
|
| 505 |
0 |
|
|a Making decisions about assessment -- Identifying and enhancing student understanding -- Formats for teacher made tests -- Testing for intelligence -- Performance tasks -- Using a matrix or rubric -- Building aligned assessments.
|
| 526 |
|
|
|a BIED
|
| 541 |
|
|
|a Complimentary copy from BIED
|e 36190
|
| 650 |
|
0 |
|a Educational tests and measurements.
|9 36878
|
| 650 |
|
0 |
|a Examinations.
|9 36879
|
| 830 |
|
|
|a What every teacher should know about--
|9 36880
|
| 852 |
|
|
|a Ayesha Abed Library
|c BIED Collection
|
| 942 |
|
|
|2 ddc
|c BK
|
| 952 |
|
|
|0 0
|1 0
|2 ddc
|4 0
|6 371_260000000000000_TIL
|7 0
|9 67089
|a BRACUL
|b BRACUL
|c GEN
|d 2019-11-07
|e Complimentary copy from BIED
|l 1
|m 2
|o 371.26 TIL
|p 3010036190
|r 2026-02-22
|s 2026-01-31
|t 1
|w 2019-11-07
|y BK
|x Transferred from BIED to General Stacks
|